000 00331nam a22001337a 4500
008 190205b xxu||||| |||| 00| 0 eng d
020 _a9780323075831
041 _aeng
080 _26th
_a610.73
100 _a2
101 _aINF
245 _aMosby's Textbook for Long-Term Care Nursing Assistants
_cSorrentino
942 _2udc
_cBK
999 _c54085
_d54085